00358nam a22001457a 4500003000400000005001700004008004100021020001800062040002900080050001600109100003100125245002100156300000900177650002600186OSt20251002111412.0251002b |||||||| |||| 00| 0 eng d a9780738070018 cChuka University Library aLB 2343.S83 aGabby McCutchen/Erin Riney aSucess by Design a232p aAcademic achievement